Представление документа в формате MARC21

Поле Инд. ПП Название Значение
Тип записи a
Библиографический уровень m
001 Контрольный номер RU/LIBMSTU/265459294
005 Дата корректировки 20180205163826.0
020 00 a ISBN 5-7975-0715-3
c Цена, тираж 186-00
084 a Индекс другой классификации/Индекс ББК 67.404.0
090 00 a Полочн. индекс 67.404
x Авторский знак К 31
100 10 a Автор Кашанина Т. В.
245 00 a Заглавие Корпоративные (внутрифирменные) акты. Образцы документов с кратким комментарием
260 00 a Место издания Москва
b Издательство Юристъ
c Дата издания 2004
300 00 a Объем 511 с.
440 00 a Серия res cottidiana
650 _4 a Основная рубрика Корпорации-Управление-Правовое регулирование
a Основная рубрика Официальные документы-Комментарии
653 00 a Ключевые слова Делопроизводство
a Ключевые слова Документы внутрифирменные
a Ключевые слова Документы нормативные
a Ключевые слова Корпоративное право
a Ключевые слова Корпоративные нормативные акты
a Ключевые слова Корпорации
a Ключевые слова Образцы документов
901 t Тип документа m
990 00 f Даты поступлений (DOS) 11.05